LIBRARY & INFORMATION CENTRE, KCAET, TAVANUR

ONLINE PUBLIC ACCESS CATALOGUE (OPAC)

Engineering drawing / (Record no. 10808)

MARC details
000 -LEADER
fixed length control field 00562cam a2200205ua 4500
041 ## - LANGUAGE CODE
Language code of text/sound track or separate title eng
082 ## - DEWEY DECIMAL CLASSIFICATION NUMBER
Classification number 604.2
Item number LOM/EN
100 ## - MAIN ENTRY--AUTHOR NAME
Personal name Lombardo, Joseph Vincent .
245 ## - TITLE STATEMENT
Title Engineering drawing /
250 ## - EDITION STATEMENT
Edition statement 1 /
260 ## - PUBLICATION, DISTRIBUTION, ETC. (IMPRINT)
Place of publication New York :
Name of publisher Barnes & Noble ,
Year of publication 1961.
300 ## - PHYSICAL DESCRIPTION
Number of Pages 429 ; .
490 0# - SERIES STATEMENT
Series statement College outline series,
Volume number/sequential designation
700 1# - ADDED ENTRY--PERSONAL NAME
Personal name Johnson, Lewis O .
700 1# - ADDED ENTRY--PERSONAL NAME
Personal name Short, Irwin W .
942 ## - ADDED ENTRY ELEMENTS (KOHA)
Koha item type Books
Holdings
Withdrawn status Lost status Damaged status Home library Current library Date acquired Full call number Accession Number Koha item type
      KAUAET KAUAET 07/04/2012 604.2 LOM/EN 3115 Books
free website counter